Sevilla FC Squad 2015-2016 - Statistics

General Stats
  • This quiz has been taken 23 times
  • The average score is 18 of 30
Answer Stats
# Position Nation Player % Correct
9 FW France Kévin Gameiro
100%
19 MF Argentina Éver Banega
92%
13 GK Portugal Beto
85%
4 MF Poland Grzegorz Krychowiak
85%
1 GK Spain Sergio Rico
85%
22 FW Ukraine Yevhen Konoplyanka
85%
25 DF Brazil Mariano
77%
7 MF Denmark Michael Krohn-Dehli
77%
20 FW Spain Vitolo
77%
2 DF France Benoît Trémoulinas
69%
23 DF Spain Coke
69%
6 DF Portugal Daniel Carriço
69%
15 MF France Steven N'Zonzi
69%
8 MF Spain Vicente Iborra
69%
3 DF France Adil Rami
62%
31 GK Spain David Soria
62%
- Coach Spain Unai Emery
62%
10 FW Spain José Antonio Reyes
62%
11 FW Italy Ciro Immobile
54%
21 DF Argentina Nicolás Pareja
54%
14 MF Uruguay Sebastián Cristóforo
46%
17 DF Portugal Diogo Figueiras
38%
12 MF DR Congo Gaël Kakuta
38%
17 DF Italy Marco Andreolli
38%
18 DF Spain Sergio Escudero
38%
5 DF France Timothée Kolodziejczak
38%
16 DF Argentina Federico Fazio
31%
24 FW Spain Fernando Llorente
23%
11 FW Spain Juan Muñoz
23%
16 MF Spain Luismi
15%
No matching quizzes found
Score Distribution
Percent of People with Each Score
Percentile by Number Answered
Your Score History
You have not taken this quiz